La tienda de muñecos (Record no. 70716)

MARC details
000 -LEADER
campo de control de longitud fija 00719nam a2200229 i 4500
001 - NÚMERO DE CONTROL
campo de control 70716
003 - IDENTIFICADOR DE NÚMERO DE CONTROL
campo de control ES-MaACL
005 - FECHA Y HORA DE LA ÚLTIMA TRANSACCIÓN
campo de control 20230906170910.0
007 - CAMPO FIJO DE DESCRIPCIÓN FÍSICA--INFORMACIÓN GENERAL
campo de control de longitud fija t|
008 - DATOS DE LONGITUD FIJA--INFORMACIÓN GENERAL
campo de control de longitud fija 040802s1985 ve ||||1| spa d
020 ## - NÚMERO INTERNACIONAL ESTÁNDAR DEL LIBRO
Número Internacional Estándar del Libro 980-01-0043-1
080 ## - NÚMERO DE LA CLASIFICACIÓN DECIMAL UNIVERSAL
Número de la Clasificación Decimal Universal 821.134.2(87)-32"19"
100 1# - ENTRADA PRINCIPAL--NOMBRE DE PERSONA
Nombre de persona Garmendia, Julio.
9 (RLIN) 55580
245 13 - MENCIÓN DEL TÍTULO
Título La tienda de muñecos
Resto del título ; La tuna de oro : cuentos /
Mención de responsabilidad, etc. Julio Garmendia ; [presentación, Humberto Mata ; ilustraciones, Claudia Leal].
250 ## - MENCION DE EDICION
Mención de edición 1ª ed.
260 ## - PUBLICACIÓN, DISTRIBUCIÓN, ETC.
Lugar de publicación, distribución, etc. Caracas :
Nombre del editor, distribuidor, etc. Monte Avila,
Fecha de publicación, distribución, etc. 1985.
300 ## - DESCRIPCIÓN FÍSICA
Extensión 190 p. :
Otras características físicas il. ;
Dimensiones 24 cm.
700 1# - ENTRADA AGREGADA--NOMBRE PERSONAL
Nombre de persona Mata, Humberto.
9 (RLIN) 78881
700 1# - ENTRADA AGREGADA--NOMBRE PERSONAL
Nombre de persona Leal, Claudia.
9 (RLIN) 70963
740 3# - ENTRADA AGREGADA--TÍTULO RELACIONADO/ANALÍTICO NO CONTROLADO
Título relacionado o analítico no controlado La tuna de oro.
852 ## - LOCALIZACIÓN
Ubicación ES-MaACL
Número de control de estantería L-11005
Sublocalización o colección R.113007
Holdings
Estatus retirado Estado de pérdida Estado de daño No para préstamo Biblioteca de origen Biblioteca actual Ubicación en estantería Fecha de adquisición Fuente de adquisición Total de préstamos Signatura topográfica completa Código de barras Visto por última vez Precio de reemplazo Tipo de ítem Koha
        Biblioteca del Ateneo de Madrid Biblioteca del Ateneo de Madrid Depósito 2 17/01/2008     L-11005 1074046 23/02/2023 23/02/2023 Libro impreso